Маланьина Нина Ивановна : биобиблиографический справочник Справочная литература
Четвертый выпуск серии «Саратовская научная школа криминалистики в библиографическом отражении» посвящен кандидату юридических наук доценту доценту кафедры криминалистики Саратовского юридического института (в дальнейшем - Саратовской государственной академии права) Н. И. Маланьиной. Выпуск включает...
Guardado en:
| Formato: | Справочная литература |
|---|---|
| Acceso en línea: | https://znanium.ru/catalog/document?id=453332 https://znanium.ru/cover/2173/2173423.jpg |
| Etiquetas: |
Agregar Etiqueta
Sin Etiquetas, Sea el primero en etiquetar este registro!
|
| LEADER | 02932nam0a2200337 i 4500 | ||
|---|---|---|---|
| 001 | RU\infra-m\znanium\bibl\2173423 | ||
| 003 | https://znanium.ru/catalog/document?id=453332 | ||
| 005 | 20240925000000.0 | ||
| 010 | |a 978-5-7924-1962-9 | ||
| 100 | |a 20240925d2024 m y0rusy0150 ca | ||
| 101 | 0 | |a rus | |
| 102 | |a RU | ||
| 200 | 1 | |a Маланьина Нина Ивановна : биобиблиографический справочник |e Справочная литература |f Саратовская государственная юридическая академия | |
| 210 | 1 | |a Саратов |c Саратовская государственная юридическая академия |d 2023 | |
| 215 | |a 29 с. | ||
| 330 | |a Четвертый выпуск серии «Саратовская научная школа криминалистики в библиографическом отражении» посвящен кандидату юридических наук доценту доценту кафедры криминалистики Саратовского юридического института (в дальнейшем - Саратовской государственной академии права) Н. И. Маланьиной. Выпуск включает краткий очерк научной научно-организационной общественной и педагогической деятельности указатель трудов Нины Ивановны литературы о ней а также вспомогательные указатели. Цель данного справочника - познакомить широкий круг читателей с основными вехами жизни ученого его научными работами. | ||
| 333 | |a Профессиональное образование | ||
| 606 | |a Архитектура. Искусство |x Библиография. Библиографоведение |2 local | ||
| 608 | |a Справочная литература |2 local | ||
| 675 | |a 01 |z rus | ||
| 675 | |a 343 |z rus | ||
| 686 | |a 6752 |2 rubbk | ||
| 686 | |a 91 |2 rubbk | ||
| 686 | |a 40.03.01 |2 okso | ||
| 686 | |a 40.04.01 |2 okso | ||
| 686 | |a 40.05.02 |2 okso | ||
| 702 | 1 | |a Воробьева |b И.Б. |g Ирина Борисовна |p Саратовская государственная юридическая академия |r Составитель | |
| 702 | 1 | |a Хижняк |b Д. С. |g Денис Сергеевич |r Составитель | |
| 801 | 0 | |a RU |b Общество с ограниченной ответственностью «ЗНАНИУМ» |c 20240916 |2 rusmarc | |
| 856 | 4 | |a znanium.ru |m ebs_support@infra-m.ru |n НИЦ ИНФРА-М |u https://znanium.ru/catalog/document?id=453332 | |
| 856 | 4 | 1 | |a znanium.ru |d /cover/2173 |f 2173423.jpg |q image/jpeg |u https://znanium.ru/cover/2173/2173423.jpg |